000 00387 a2200145 4500
999 _c880
_d880
020 _a0486457575
050 _aE 185.97 WAS 2007
100 _aWashington,Booker
245 _aThree African-American Classics/
_cBooker, Washington
264 _aMineola:
_bDover Publications,
_cc.2007
300 _a426 p.
500 _aincludes index
650 _aSlavery
942 _2lcc
_cBK
_h185.97
_iWAS
_kE